1927 1574 1515 1633 1711 1526 1649 1714 1520 1197 1248 1398 1955 1642 1750 1725 1132 1288 1821 1975 1072 1409 1850 1934 1022 1130 1249 1668 1948 1605 1381 1373 1627 1160 1583 1980 1636 1377 1512 1855 1442 1807 1515 1895 1784 1159 1829 1678 1193 1904 1974 1432 1273 1095 1120 1320 1936 1253 1602 1913 1647 1551 1603 1931 1067 1572 1718 1651 1814 1776 1696 1496 1223 1082 1898 1210 1065 1020 1991 1465 1786 1099 1041 1494 1496 1789 1366 1824 1033 1414 1901 1476 1385 1635 1447 1434 1136 1737 1283 BCNSPRNW ULIB Ver.6.0+V

เปลี่ยนเป็นภาษาไทย

Change to English
 แสดงรายละเอียดบรรณานุกรม
  กลับหน้าหลัก

Brief Record : Get Marc (ISO 2709) : E-mail record : QR code < ปิดหน้าต่าง
LEADER : 00000nam 2200000uu 4500
001    13399125390
003     ULIB
008    170523s2559||||th 000 0 tha d
020    ^a9786167741208
060  0 ^aWY 100 ภ413ป 2559 ล.2
100 0  ^aคณาจารย์ภาควิชาการบริหารการพยาบาลและพื้นฐานวิชาชีพ
245 00 ^aปฏิบัติการพยาบาลพื้นฐาน 2 /คณาจารย์ภาควิชาการบริหารการพยาบาลและพื้นฐานวิชาชีพ
250    ^aพิมพ์ครั้งที่ 2
260    ^aกรุงเทพฯ : ภาควิชาการบริหารการพยาบาลและพื้นฐานวิชาชีพ , 2559
300    ^a173 หน้า :ภาพประกอบ ;26 ซม.
650  0 ^aพยาบาลพื้นฐาน
650  0 ^aพยาลวิชาชีพ
945    ^p220^l0^i24298
945    ^p220^l0^i24260
945    ^p220^l0^i24261
945    ^p220^l0^i24262
945    ^p220^l0^i24265
945    ^p220^l0^i24269
945    ^p220^l0^i24270
945    ^p220^l0^i24271
945    ^p220^l0^i24272
945    ^p220^l0^i24273
945    ^p220^l0^i24274
945    ^p220^l0^i24275
945    ^p220^l0^i24276
945    ^p220^l0^i24277
945    ^p220^l0^i24278
945    ^p220^l0^i24279
945    ^p220^l0^i24280
945    ^p220^l0^i24281
945    ^p220^l0^i24282
945    ^p220^l0^i24290
945    ^p220^l0^i24291
945    ^p220^l0^i24292
945    ^p220^l0^i24301
945    ^p220^l0^i24294
945    ^p220^l0^i24295
945    ^p220^l0^i24296
945    ^p220^l0^i24297
945    ^p220^l0^i24299
945    ^p220^l0^i24300
999    ^aกัณชพร
รายการนี้ยังไม่มีแท็ก
คุณยังไม่ได้ล็อกอิน คุณสามารถมีกิจกรรมร่วมกับเว็บไซต์ได้ แต่ต้องล็อกอินก่อน ::
  ล็อกอิน

รายการสื่อสารสนเทศ

ลำดับที่ ประเภท เลขเรียก/บาร์โค้ด สถานที่ สถานะ
1. หนังสือสำรอง
หนังสือสำรอง
WY 100 ภ413ป 2559 ล.2 ฉ.1 
  Barcode: 24260
ห้องสมุดวิทยาเขตนครสวรรค์
►หนังสือทั่วไป:l:General Books
บนชั้น
2. วิทยาศาสตร์การแพทย์ และสุขภาพ
วิทยาศาสตร์การแพทย์ และสุขภาพ
WY 100 ภ413ป 2559 ล.2 ฉ.10 
  Barcode: 24274
ห้องสมุดวิทยาเขตนครสวรรค์
►หนังสือทั่วไป:l:General Books
บนชั้น
3. วิทยาศาสตร์การแพทย์ และสุขภาพ
วิทยาศาสตร์การแพทย์ และสุขภาพ
WY 100 ภ413ป 2559 ล.2 ฉ.11 
  Barcode: 24275
ห้องสมุดวิทยาเขตนครสวรรค์
►หนังสือทั่วไป:l:General Books
บนชั้น
4. วิทยาศาสตร์การแพทย์ และสุขภาพ
วิทยาศาสตร์การแพทย์ และสุขภาพ
WY 100 ภ413ป 2559 ล.2 ฉ.12 
  Barcode: 24276
ห้องสมุดวิทยาเขตนครสวรรค์
►หนังสือทั่วไป:l:General Books
บนชั้น
5. วิทยาศาสตร์การแพทย์ และสุขภาพ
วิทยาศาสตร์การแพทย์ และสุขภาพ
WY 100 ภ413ป 2559 ล.2 ฉ.13 
  Barcode: 24277
ห้องสมุดวิทยาเขตนครสวรรค์
►หนังสือทั่วไป:l:General Books
บนชั้น
6. วิทยาศาสตร์การแพทย์ และสุขภาพ
วิทยาศาสตร์การแพทย์ และสุขภาพ
WY 100 ภ413ป 2559 ล.2 ฉ.14 
  Barcode: 24278
ห้องสมุดวิทยาเขตนครสวรรค์
►หนังสือทั่วไป:l:General Books
บนชั้น
7. วิทยาศาสตร์การแพทย์ และสุขภาพ
วิทยาศาสตร์การแพทย์ และสุขภาพ
WY 100 ภ413ป 2559 ล.2 ฉ.15 
  Barcode: 24279
ห้องสมุดวิทยาเขตนครสวรรค์
►หนังสือทั่วไป:l:General Books
บนชั้น
8. วิทยาศาสตร์การแพทย์ และสุขภาพ
วิทยาศาสตร์การแพทย์ และสุขภาพ
WY 100 ภ413ป 2559 ล.2 ฉ.16 
  Barcode: 24280
ห้องสมุดวิทยาเขตนครสวรรค์
►หนังสือทั่วไป:l:General Books
บนชั้น
9. วิทยาศาสตร์การแพทย์ และสุขภาพ
วิทยาศาสตร์การแพทย์ และสุขภาพ
WY 100 ภ413ป 2559 ล.2 ฉ.17 
  Barcode: 24281
ห้องสมุดวิทยาเขตนครสวรรค์
►หนังสือทั่วไป:l:General Books
บนชั้น
10. วิทยาศาสตร์การแพทย์ และสุขภาพ
วิทยาศาสตร์การแพทย์ และสุขภาพ
WY 100 ภ413ป 2559 ล.2 ฉ.18 
  Barcode: 24282
ห้องสมุดวิทยาเขตนครสวรรค์
►หนังสือทั่วไป:l:General Books
บนชั้น
11. วิทยาศาสตร์การแพทย์ และสุขภาพ
วิทยาศาสตร์การแพทย์ และสุขภาพ
WY 100 ภ413ป 2559 ล.2 ฉ.19 
  Barcode: 24290
ห้องสมุดวิทยาเขตนครสวรรค์
►หนังสือทั่วไป:l:General Books
บนชั้น
12. วิทยาศาสตร์การแพทย์ และสุขภาพ
วิทยาศาสตร์การแพทย์ และสุขภาพ
WY 100 ภ413ป 2559 ล.2 ฉ.2 
  Barcode: 24261
ห้องสมุดวิทยาเขตนครสวรรค์
►หนังสือทั่วไป:l:General Books
บนชั้น
13. วิทยาศาสตร์การแพทย์ และสุขภาพ
วิทยาศาสตร์การแพทย์ และสุขภาพ
WY 100 ภ413ป 2559 ล.2 ฉ.20 
  Barcode: 24291
ห้องสมุดวิทยาเขตนครสวรรค์
►หนังสือทั่วไป:l:General Books
ถูกยืม กำหนดส่งวันที่ 31 สิงหาคม 2568
  จอง
14. วิทยาศาสตร์การแพทย์ และสุขภาพ
วิทยาศาสตร์การแพทย์ และสุขภาพ
WY 100 ภ413ป 2559 ล.2 ฉ.21 
  Barcode: 24292
ห้องสมุดวิทยาเขตนครสวรรค์
►หนังสือทั่วไป:l:General Books
บนชั้น
15. วิทยาศาสตร์การแพทย์ และสุขภาพ
วิทยาศาสตร์การแพทย์ และสุขภาพ
WY 100 ภ413ป 2559 ล.2 ฉ.22 
  Barcode: 24301
ห้องสมุดวิทยาเขตนครสวรรค์
►หนังสือทั่วไป:l:General Books
บนชั้น
16. วิทยาศาสตร์การแพทย์ และสุขภาพ
วิทยาศาสตร์การแพทย์ และสุขภาพ
WY 100 ภ413ป 2559 ล.2 ฉ.23 
  Barcode: 24294
ห้องสมุดวิทยาเขตนครสวรรค์
►หนังสือทั่วไป:l:General Books
บนชั้น
17. วิทยาศาสตร์การแพทย์ และสุขภาพ
วิทยาศาสตร์การแพทย์ และสุขภาพ
WY 100 ภ413ป 2559 ล.2 ฉ.24 
  Barcode: 24295
ห้องสมุดวิทยาเขตนครสวรรค์
►หนังสือทั่วไป:l:General Books
บนชั้น
18. วิทยาศาสตร์การแพทย์ และสุขภาพ
วิทยาศาสตร์การแพทย์ และสุขภาพ
WY 100 ภ413ป 2559 ล.2 ฉ.25 
  Barcode: 24296
ห้องสมุดวิทยาเขตนครสวรรค์
►หนังสือทั่วไป:l:General Books
บนชั้น
19. วิทยาศาสตร์การแพทย์ และสุขภาพ
วิทยาศาสตร์การแพทย์ และสุขภาพ
WY 100 ภ413ป 2559 ล.2 ฉ.26 
  Barcode: 24297
ห้องสมุดวิทยาเขตนครสวรรค์
►หนังสือทั่วไป:l:General Books
บนชั้น
20. วิทยาศาสตร์การแพทย์ และสุขภาพ
วิทยาศาสตร์การแพทย์ และสุขภาพ
WY 100 ภ413ป 2559 ล.2 ฉ.27 
  Barcode: 24298
ห้องสมุดวิทยาเขตนครสวรรค์
►หนังสือทั่วไป:l:General Books
บนชั้น
21. วิทยาศาสตร์การแพทย์ และสุขภาพ
วิทยาศาสตร์การแพทย์ และสุขภาพ
WY 100 ภ413ป 2559 ล.2 ฉ.28 
  Barcode: 24299
ห้องสมุดวิทยาเขตนครสวรรค์
►หนังสือทั่วไป:l:General Books
บนชั้น
22. วิทยาศาสตร์การแพทย์ และสุขภาพ
วิทยาศาสตร์การแพทย์ และสุขภาพ
WY 100 ภ413ป 2559 ล.2 ฉ.29 
  Barcode: 24300
ห้องสมุดวิทยาเขตนครสวรรค์
►หนังสือทั่วไป:l:General Books
บนชั้น
23. วิทยาศาสตร์การแพทย์ และสุขภาพ
วิทยาศาสตร์การแพทย์ และสุขภาพ
WY 100 ภ413ป 2559 ล.2 ฉ.3 
  Barcode: 24262
ห้องสมุดวิทยาเขตนครสวรรค์
►หนังสือทั่วไป:l:General Books
บนชั้น
24. วิทยาศาสตร์การแพทย์ และสุขภาพ
วิทยาศาสตร์การแพทย์ และสุขภาพ
WY 100 ภ413ป 2559 ล.2 ฉ.4 
  Barcode: 24265
ห้องสมุดวิทยาเขตนครสวรรค์
►หนังสือทั่วไป:l:General Books
บนชั้น
25. วิทยาศาสตร์การแพทย์ และสุขภาพ
วิทยาศาสตร์การแพทย์ และสุขภาพ
WY 100 ภ413ป 2559 ล.2 ฉ.5 
  Barcode: 24269
ห้องสมุดวิทยาเขตนครสวรรค์
►หนังสือทั่วไป:l:General Books
บนชั้น
26. วิทยาศาสตร์การแพทย์ และสุขภาพ
วิทยาศาสตร์การแพทย์ และสุขภาพ
WY 100 ภ413ป 2559 ล.2 ฉ.6 
  Barcode: 24270
ห้องสมุดวิทยาเขตนครสวรรค์
►หนังสือทั่วไป:l:General Books
บนชั้น
27. วิทยาศาสตร์การแพทย์ และสุขภาพ
วิทยาศาสตร์การแพทย์ และสุขภาพ
WY 100 ภ413ป 2559 ล.2 ฉ.7 
  Barcode: 24271
ห้องสมุดวิทยาเขตนครสวรรค์
►หนังสือทั่วไป:l:General Books
บนชั้น
28. วิทยาศาสตร์การแพทย์ และสุขภาพ
วิทยาศาสตร์การแพทย์ และสุขภาพ
WY 100 ภ413ป 2559 ล.2 ฉ.8 
  Barcode: 24272
ห้องสมุดวิทยาเขตนครสวรรค์
►หนังสือทั่วไป:l:General Books
บนชั้น
29. วิทยาศาสตร์การแพทย์ และสุขภาพ
วิทยาศาสตร์การแพทย์ และสุขภาพ
WY 100 ภ413ป 2559 ล.2 ฉ.9 
  Barcode: 24273
ห้องสมุดวิทยาเขตนครสวรรค์
►หนังสือทั่วไป:l:General Books
บนชั้น

รายการใกล้เคียง
    ชื่อเรื่อง [ปฏิบัติการพยาบาลพื้นฐาน 2 /คณาจารย์ภาควิชาการบริหารการพยาบาลและพื้นฐานวิชาชีพ]

    ผู้แต่ง [คณาจารย์ภาควิชาการบริหารการพยาบาลและพื้นฐานวิชาชีพ]

    หัวเรื่อง [พยาบาลพื้นฐาน]
    หัวเรื่อง [พยาลวิชาชีพ]

BibComment


ยังไม่เคยถูกคอมเมนท์

คอมเมนท์ทรัพยากรรายการนี้
  คอมเมนท์: ปฏิบัติการพยาบาล..


 Copyright 2026. Bcnsprnw @Library